Rozhodcovské konanie

Účel zákona č. 244/2002 Z.z. o rozhodcovskom konaní.

Gespeichert in:
Bibliographische Detailangaben
1. Verfasser: Jaško, Jozef
Format: Buchkapitel
Sprache:Slowakisch
Schlagworte:
Tags: Tag hinzufügen
Keine Tags, Fügen Sie das erste Tag hinzu!

MARC

LEADER 00000naa a2200000 4500
001 0221705
005 20231120131202.1
041 0 |a slo 
044 |a SK 
245 1 0 |a Rozhodcovské konanie  |c Jozef Jaško 
520 |a Účel zákona č. 244/2002 Z.z. o rozhodcovskom konaní. 
610 2 0 |a konanie rozhodcovské 
610 2 0 |a zákony 
610 2 0 |a Slovensko 
100 1 |a Jaško, Jozef